Club de National (2024-2025) - Statistiques

Statistiques générales
  • Ce quiz a été pris 45 fois
  • Le résultat moyen est 9 sur 17
Statistiques - réponses
National % Correct
Nancy
74%
Nîmes
71%
Paris 13 Atletico
68%
Sochaux
68%
Dijon
66%
Valenciennes
66%
Le Mans
61%
Orléans
61%
Concarneau
53%
Rouen
50%
Versailles
50%
Châteauroux
45%
Quevilly
45%
Boulogne
42%
Football Club Villefranche Beaujolais
39%
Aubagne
37%
Bourg-Péronnas
16%
Aucun quiz correspondant
Distribution des résultats
% des personnes avec chaque résultat
Percentile par nombre de réponses
Votre historique - résultats
Vous n’avez pas pris ce quiz